Statistics for Countries with Roman Inscriptions

Click here to take the quiz!

General Stats

  • This quiz has been taken 45 times
    (17 since last reset)
  • The average score is 52 of 56

Answer Stats

Country % Correct
Ireland
100%
Saudi Arabia
100%
Iraq
100%
Slovakia
100%
Monaco
100%
Greece
100%
Italy
100%
Russia
100%
Morocco
100%
Montenegro
100%
Netherlands
100%
Albania
100%
Portugal
100%
Slovenia
100%
Germany
100%
Croatia
100%
France
100%
Tunisia
100%
Austria
100%
Turkey
100%
United Kingdom
100%
Egypt
100%
Spain
100%
Algeria
100%
Andorra
100%
Poland
94%
San Marino
94%
Serbia
94%
Sudan
94%
Switzerland
94%
Syria
94%
Romania
94%
Liechtenstein
94%
Hungary
94%
Israel
94%
Czech Republic
94%
Belgium
94%
Cyprus
94%
Bosnia and
Herzegovina
94%
Jordan
94%
Kosovo
94%
Malta
94%
Macedonia
94%
Lebanon
94%
Luxembourg
94%
Armenia
88%
Ukraine
88%
Denmark
88%
Azerbaijan
81%
Georgia
81%
Libya
81%
Sweden
81%
Yemen
75%
India
75%
Moldova
69%
Uzbekistan
38%

Score Distribution

Percentile by Number Answered

Percent of People with Each Score

Your Score History

You have not taken this quiz since the last reset